Lò sưởi công nghiệp /
Đã lưu trong:
| 主要作者: | |
|---|---|
| 格式: | 图书 |
| 语言: | Vietnamese |
| 出版: |
Maxcơva :
Stroizdat ,
1974
|
| 主题: | |
| 标签: |
添加标签
没有标签, 成为第一个标记此记录!
|
| Thư viện lưu trữ: | Thư viện Trường CĐ Kỹ Thuật Cao Thắng |
|---|
| LEADER | 00565nam a2200181 a 4500 | ||
|---|---|---|---|
| 001 | TVCDKTCT2421 | ||
| 003 | Thư viện trường Cao đẳng Kỹ thuật Cao Thắng | ||
| 005 | 20050816000000 | ||
| 008 | 050816 | ||
| 980 | \ | \ | |a Thư viện Trường CĐ Kỹ Thuật Cao Thắng |
| 024 | |a RG_1 #1 eb0 i1 | ||
| 041 | 0 | # | |a vie |
| 082 | # | # | |a 621.8 / |b B200-p |
| 100 | 1 | # | |a Belcki B. I. |
| 245 | 0 | 0 | |a Lò sưởi công nghiệp / |c Belcki B. I. |
| 260 | # | # | |a Maxcơva : |b Stroizdat , |c 1974 |
| 300 | # | # | |a 304tr. ; |c 24cm |
| 650 | # | 4 | |a Lò sưởi công nghiệp |